000 01128cam a2200241 4500
001 J116258
008 020111n2001 000 0 eng u
035 _a(Sirsi) u116258
050 _a692.8
110 _aJoint Contracts Tribunal
_93664
240 _aStandard form of agreement for collateral warranty MCWa/P&T for use where a warranty is to be given to a purchaser of tenant of building works or a part thereof by a main contractor
245 _aForm of agreement for collateral warranty for purchasers and tenants by a main contractor : MCWa/P&T
260 _aLondon
_bRIBA
_c2001
300 _a6p.
_c30cm.
350 _a16
490 _aJCT Standard Form of Agreement for Collateral Warranty 2001 Edition
_vMCWa/P&T (Purchaser or Tenant)
650 _aBUILT ENVIRONMENT-BUILDING CONTRACT FORMS-CONSTRUCTION COLLATERAL WARRANTY FORMS
650 _aBUILT ENVIRONMENT-BUILDING CONTRACT FORMS
650 _aBUILT ENVIRONMENT-BUILDING CONTRACT FORMS-STANDARD FORMS OF BUILDING CONTRACT-JOINT CONTRACTS TRIBNUAL CONTRACTS
650 _aMCWA/P&T
690 _aBUILT ENVIRONMENT-BUILDING CONTRACT FORMS
942 _n0
999 _c101841
_d101841